NFL MVPs with No Super Bowl Appearances - Statistics

General Stats
  • This quiz has been taken 1,694 times
    1,179 since last reset
  • The average score is 4 of 10
Answer Stats
MVP year Player % Correct
2019, 2023 Lamar Jackson
98%
2012 Adrian Peterson
64%
2006 LaDainian Tomlinson
53%
1997 Barry Sanders
39%
1973 OJ Simpson
30%
1979 Earl Campbell
21%
1980 Brian Sipe
17%
1976 Bert Jones
16%
1970 John Brodie
10%
1969 Roman Gabriel
10%
No matching quizzes found
Score Distribution
Percent of People with Each Score
Percentile by Number Answered
Your Score History
You have not taken this quiz since the last reset